000
00278nam a22001337a 4500
008
170331b xxu||||| |||| 00| 0 eng d
020
_a
039519163
041
_a
eng
080
_a
616-053.2
100
_a
8
101
_a
SHM
245
_a
HAWING TWINS
_c
NOBLE.E
942
_2
udc
_c
BK
999
_c
9263
_d
9263